ELECTRO PLATING AND ANODISING:COVERING GOLD SILVER NICKEL COPPER CHROMIUM CADMIUM ANS ZINC PALTING (Record no. 579135)

000 -LEADER
fixed length control field 00319nam a22001097a 4500
082 ## - DEWEY DECIMAL CLASSIFICATION NUMBER
Classification number 671.732 ELE'M
100 ## - MAIN ENTRY--PERSONAL NAME
Personal name MOLLOY, E
9 (RLIN) 41373
245 ## - TITLE STATEMENT
Title ELECTRO PLATING AND ANODISING:COVERING GOLD SILVER NICKEL COPPER CHROMIUM CADMIUM ANS ZINC PALTING
260 ## - PUBLICATION, DISTRIBUTION, ETC.
Place of publication, distribution, etc. LONDON
Name of publisher, distributor, etc. GEORGE NEWNES
Date of publication, distribution, etc. 1942
300 ## - PHYSICAL DESCRIPTION
Extent 222P
942 ## - ADDED ENTRY ELEMENTS (KOHA)
Koha item type Book
Holdings
Withdrawn status Lost status Damaged status Not for loan Permanent Location Current Location Shelving location Date acquired Total Checkouts Full call number Barcode Date last seen Price effective from Koha item type
        College of Electrical & Mechanical Engineering (CEME) College of Electrical & Mechanical Engineering (CEME) General Stacks 04/19/2017   671.732 ELE'M CEME-16570 06/28/2021 06/28/2021 Book
© 2023 Central Library, National University of Sciences and Technology. All Rights Reserved.